000
00283nam a22001337a 4500
008
181030b xxu||||| |||| 00| 0 eng d
020
_a
9780312043490
041
_a
eng
080
_a
610
100
_a
4
101
_a
Shm
245
_a
Medical School
_c
Keith.r
942
_2
udc
_c
BK
999
_c
51152
_d
51152